00553nam a2200145 a 4500008004100000050001500041100001600056245002800072260004000100300002000140350000900160995009000169999001700259952013100276120416s1970 ||||||||||||||||| || u aTA 545 Roy aRoyer, King10aApplied field surveying aNew YorkbJohn Wiley and Sonsc1970 axi, 205p. : ill a0.00 D0.00FCBU-MAIN LIBRARY (Kitwe)H1I4.25UDAMAGEDZMain Library Open Access Collection c34553d34553 00102lcc4070a001b001cMain Library Open Access Collectiond2022-11-30l0oTA 545 Royp016395r2022-11-30w2022-11-30y002